000 00867nam a2200313Ia 4500
003 GCL
008 140319s9999 xx 000 0 ara d
040 _aGCL /
_cGCL
082 0 4 _a150
_bد م
100 1 _aدافيدون، لندال
245 1 0 _aمدخل علم النفس /
_cدافيدون، لندال
700 1 _aسيد الطواب (مترجم)
260 _a[S.N] :
_bالدار الدولية للنشر والتوزيع ،
_c1988
300 _a826 ص
490 _a
650 0 4 _aالبيئة
650 0 4 _aالوراثة
650 0 4 _aالمناهج
650 0 4 _aعلم النفس
650 0 4 _aالسلوك
650 0 4 _aالمعرفة
650 0 4 _aالادراك
650 0 4 _aالطفل - اختبارات
650 0 4 _aالوعى
650 0 4 _aالطفل
650 0 4 _aالمخ
650 0 4 _aالام
942 _2ddc
_cBK
999 _c30063
_d30063